Statistics for World top 10 tallest Freestanding structure

Click here to take the quiz!

General Stats

  • This quiz has been taken 6 times
  • The average score is 4 of 10

Answer Stats

PlacementCategoryReigonHeight (in meter) Answer% Correct
1SkyscraperDubai829.8Burj Khalifa
100%
3Communications towerTokyo634Tokyo Skytree
75%
10Communications towerToronto553.3CN Tower
50%
5Communications towerGuangzhou604Canton Tower
25%
8Skyscraper Tianjin596.5Goldin Finance 117
25%
9Skyscraper Seoul555.65Lotte World Tower
25%
6Skyscraper (clock tower)Mecca601Makkah Clock Royal Tower
25%
2SkyscraperKuala Lumpur678.9Merdeka 118
25%
7SkyscraperShenzhen599.1Ping An International Finance Center
25%
4SkyscraperShanghai632Shanghai Tower
25%

Score Distribution

Percentile by Number Answered

Percent of People with Each Score

Your Score History

You have not taken this quiz